| 000 | 01411cam a2200301 i 4500 | ||
|---|---|---|---|
| 003 | SA-RiAUC | ||
| 005 | 20250930114711.0 | ||
| 008 | 250925s2000 mr g b f001r0bara c | ||
| 040 |
_aSA-RiAUC _bara _cSA-RiAUC _erda |
||
| 082 | 0 | 4 |
_a922.582 _qSA-RiAUC |
| 090 |
_a922.582 _b ا غ ر |
||
| 100 | 1 |
_aأغرابي، نجيبة، _d1965- _eمؤلف. |
|
| 245 | 1 | 2 |
_aالقاضي برهان الدين بن فرحون وجهوده في الفقه المالكي / _cتأليف نجيبة أغرابي. |
| 264 | 1 |
_aالرباط ؛ _aالمحمدية، المغرب : _bوزارة الأوقاف والشؤون الإسلامية، _c2000 |
|
| 300 |
_a321 صفحة ؛ _c24 سم |
||
| 336 |
_aنص _btxt _2rdacontent _3كتاب |
||
| 337 |
_aبدون وسيط _bn _2rdamedia |
||
| 338 |
_aمجلد _bnc _2rdacarrier |
||
| 500 | _aطبع بأمر من صاحب الجلالة أمير المؤمنين الملك محمد السادس نصره الله. | ||
| 500 | _aكشاف : صفحة 301-302. | ||
| 504 | _aببليوجرافية : صفحة 303-316. | ||
| 600 | 1 | 7 |
_aابن فرحون، إبراهيم بن علي بن محمد، _dتوفي 799 هجري _2aucnm |
| 650 | 7 |
_aالفقهاء المالكية _vتراجم _2aucsh |
|
| 650 | 7 |
_aالفقه المالكي _2aucsh |
|
| 650 | 7 |
_aالفقه الإسلامي _xمذاهب _2aucsh |
|
| 942 |
_2ddc _cBOOK _n0 |
||
| 949 |
_aSA-JeALM _d250925 _umohamedma123 _n1 |
||
| 999 |
_c12229 _d12229 |
||